[Event "Stay Safe Play From Home 329"]
[Site "Mustafa Kemal Atatürk"]
[Date "2020.07.24"]
[Round "7"]
[White "Little champs"]
[Black "SoulofWolf"]
[Result "1-0"]
[WhiteElo "2366"]
[BlackElo "2163"]
[Annotator "TA"]
[PlyCount "121"]
[EventDate "2020.07.24"]
[EventType "swiss (blitz)"]

{[%evp 9,121,0,12,7,52,-9,-10,-18,0,0,0,0,-1,-42,-37,-115,-115,-160,187,-4,0,-36,-27,-44,-37,-45,-14,-25,0,0,16,8,25,0,2,0,27,-76,0,-76,2,7,16,-79,-64,-88,-68,-659,17,-55,25,-270,-241,-1160,-1147,-1145,-1116,-1048,-989,-1035,-1012,-977,-947,-1051,-1068,-1072,-1067,-1062,-1062,-1084,-1035,-1177,-1084,-1091,-1323,-1135,-1075,-1926,-1687,-1574,-1193,-29973,-1306,-1523,-1225,-1211,-987,-929,-897,-896,-40,-40,-39,-42,-27,-51,-51,-77,0,0,0,0,688,0,278,16,100,0,0,-902,29994,-42,0,-433]} 1. d4 d5 2. e3 e6 3. Nf3 c6 4. Be2 Nd7 5. O-O Bd6 6. c4 {D02: 1 d4 d5 2 Nf3 sidelines, including 2...Nf6 3 g3 and 2...Nf6 3 Bf4.} Ne7 7. cxd5 (7. Nc3 $14) 7... exd5 $11 8. Nc3 O-O {[#]} 9. e4 $146 ({Predecessor:} 9. Re1 f6 10. Bf1 Re8 11. e4 dxe4 12. Nxe4 Bc7 13. Bc4+ Kh8 14. Nc3 Ng6 15. Bd2 {0-1 (47) Silva,P-Ribeiro,A (1472) Coimbra 2014}) 9... dxe4 10. Nxe4 Bc7 11. Neg5 h6 12. Nh3 (12. Ne4 $15) 12... Ng6 13. Bd3 f5 $2 (13... Nb6 $1 $17 14. Bxg6 fxg6) 14. Qc2 $2 (14. Bc4+ $1 $18 Kh8 15. Nhg5 $1 {[%mdl 512]}) 14... Qf6 15. Bc4+ Kh8 16. Re1 {Re6 is the strong threat.} Nb6 $1 17. Bb3 Bd7 18. Bd2 Rae8 19. Bb4 Bd6 20. Bxd6 Qxd6 21. Rad1 Nd5 22. a3 a6 23. g3 (23. Qc5 $11 Qxc5 24. dxc5) 23... b6 (23... Rxe1+ $17 24. Rxe1 f4 25. Bxd5 cxd5) 24. Qd2 (24. Rxe8 $11 Rxe8 25. Bc4) 24... Kh7 (24... Rxe1+ $1 $17 25. Nxe1 f4 26. Bxd5 cxd5 27. Nxf4 Nxf4 28. gxf4 Rxf4) 25. Rxe8 Rxe8 26. Bxd5 (26. Kg2 $11 {remains equal.}) 26... Qxd5 $17 27. Qd3 Re4 28. Re1 $2 {[%mdl 8192] [#]} (28. b3 $15) 28... b5 $2 (28... Ne5 $1 $19 {[%cal Re5f3][%mdl 512]} 29. Nhg5+ (29. dxe5 Qxd3) 29... hxg5 30. Nxg5+ Kg6) 29. Kf1 (29. Nhg5+ $11 hxg5 30. Nxg5+ {[%mdl 64] Double Attack} Kg8 31. Nxe4 fxe4 32. Qxe4 Qxe4 33. Rxe4) 29... c5 {[#]} (29... Kg8 $15) 30. Nhg1 $2 {[%mdl 8192]} (30. Nhg5+ $1 $11 {[%mdl 512]} hxg5 31. Nxg5+ {[%mdl 64] Double Attack} Kg8 32. Nxe4) 30... b4 $1 $19 ({Not} 30... cxd4 31. Rxe4 fxe4 32. Qxd4 $15) 31. axb4 $2 (31. a4) 31... Bb5 32. Qxb5 axb5 33. bxc5 f4 34. Rc1 fxg3 35. hxg3 Re8 36. c6 Rc8 37. Rc5 Qd6 38. Rxb5 Rxc6 39. Kg2 Qf6 40. Ne5 Re6 41. Ngf3 Nxe5 42. dxe5 Qd8 43. b4 Qa8 44. Rc5 Re7 45. g4 Qa2 (45... Rf7 $142 46. Rc3 Qe4 {[%mdl 64] Double Attack} 47. Kg3 Rf4 48. Nh2 Qxe5 49. Re3 Re4+ 50. Kg2 Rxe3 51. fxe3 Qxe3 52. b5 Qe2+ 53. Kg3 Qxb5 54. Nf3 g5 55. Ne1 Qe5+ 56. Kf2 Qd4+ 57. Kf3 Qf4+ 58. Kg2 Qxg4+ 59. Kf2 Qh4+ 60. Ke2 Qe4+ 61. Kd2 g4 62. Nd3 g3 63. Ne1 Qd4+ 64. Kc1 Qf2 65. Kd1 g2 66. Nxg2 Qxg2 67. Kc1 h5 68. Kd1 h4 69. Ke1 h3 70. Kd1 h2 71. Ke1 h1=Q#) 46. Kg3 Qe6 47. Rc3 Qg8 48. Re3 Rf7 49. e6 Qf8 $2 (49... Qb8+ $19 50. Kh3 Re7) 50. exf7 $15 Qxf7 {[%mdl 4096] Endgame KQ-KRN} 51. Ne5 Qc7 {[%mdl 1024] Black has compensation.} (51... Qb7 {keeps more tension.} 52. Nd3 Qb5 53. Kf3 Qd5+ 54. Kg3 Qc4) 52. f4 Qb7 53. Rf3 h5 (53... Qe4 $17 54. Nd3 g5) 54. g5 $11 h4+ 55. Kxh4 Qb5 $2 {[%mdl 8192]} (55... g6 $11) 56. Kg4 $2 ({White must play} 56. g6+ $1 $18 Kg8 57. Rd3) 56... Qd5 $2 {[%mdl 8192] [#]} (56... Qxb4 $11 {and Black stays safe.} 57. g6+ Kg8) 57. Rh3+ $2 (57. g6+ $1 $18 Kg8 58. Kf5) 57... Kg8 $16 58. g6 ({White should play} 58. Rd3 $16 Qe6+ 59. Kf3) 58... Qe6+ $11 59. f5 $2 {[%mdl 8192]} (59. Kh4 $11) 59... Qd7 $4 {[%mdl 8192] [#]} (59... Qxe5 $19 60. b5 Qe4+ 61. Kg5 Qg2+ 62. Kh4 Kf8) 60. Kg5 $2 (60. Rh8+ $1 {[%mdl 512] mates} Kxh8 61. Nxd7 Kg8 62. b5 Kh8 63. b6 Kg8 64. b7 Kh8 65. b8=Q#) 60... Qd4 61. Rh8+ $2 {[%mdl 40960] Black used his chance. Accuracy: White = 33%, Black = 54%. . Loss on time!?} (61. Rd3 $11 {and White has nothing to worry.} Qg1+ 62. Ng4) 1-0

[Event "Stay Safe Play From Home 329"]
[Site "Mustafa Kemal Atatürk"]
[Date "2020.07.24"]
[Round "7"]
[White "BrainThinker22"]
[Black "Stefanone"]
[Result "0-1"]
[WhiteElo "2363"]
[BlackElo "2041"]
[Annotator "NA"]
[PlyCount "142"]
[EventDate "2020.07.24"]
[EventType "swiss (blitz)"]

1. e4 {[%emt 0:00:01]} e6 {[%emt 0:00:01]} 2. Nc3 {[%emt 0:00:00]} d5 {[%emt 0:00:00]} 3. e5 {[%emt 0:00:01]} c5 {[%emt 0:00:01]} 4. d3 {[%emt 0:00:00]} d4 {[%emt 0:00:00]} 5. Ne4 {[%emt 0:00:03]} Nc6 {[%emt 0:00:01]} 6. f4 {[%emt 0:00:00]} f5 {[%emt 0:00:01]} 7. exf6 {[%emt 0:00:01]} Nxf6 {[%emt 0:00:00]} 8. Nxf6+ {[%emt 0:00:00]} Qxf6 {[%emt 0:00:01]} 9. g3 {[%emt 0:00:00]} Bd6 {[%emt 0:00:01]} 10. Bg2 {[%emt 0:00:00]} O-O {[%emt 0:00:00]} 11. Nf3 {[%emt 0:00:00]} e5 {[%emt 0:00:01]} 12. fxe5 {[%emt 0:00:01]} Nxe5 {[%emt 0:00:00]} 13. O-O {[%emt 0:00:01]} Bg4 {[%emt 0:00:02]} 14. Bf4 {[%emt 0:00:04]} Nxf3+ {[%emt 0:00:01]} 15. Bxf3 {[%emt 0:00:01]} Bxf3 {[%emt 0:00:00]} 16. Qxf3 {[%emt 0:00:01]} Bxf4 {[%emt 0:00:01]} 17. gxf4 {[%emt 0:00:01]} Rae8 {[%emt 0:00:01]} 18. Qxb7 {[%emt 0:00:03]} Re2 {[%emt 0:00:04]} 19. Qd5+ {[%emt 0:00:01]} Kh8 {[%emt 0:00:02]} 20. Qg5 {[%emt 0:00:00]} Qxg5+ {[%emt 0:00:08]} 21. fxg5 {[%emt 0:00:01]} Rxf1+ {[%emt 0:00:01]} 22. Rxf1 {[%emt 0:00:00]} g6 {[%emt 0:00:01]} 23. Rf2 {[%emt 0:00:01]} Re7 {[%emt 0:00:04]} 24. h4 {[%emt 0:00:01]} Kg7 {[%emt 0:00:00]} 25. Kg2 {[%emt 0:00:01]} a5 {[%emt 0:00:01]} 26. b3 {[%emt 0:00:01]} Ra7 {[%emt 0:00:02]} 27. a4 {[%emt 0:00:01]} Re7 {[%emt 0:00:01]} 28. Kf3 {[%emt 0:00:03]} Rf7+ {[%emt 0:00:01]} 29. Kg3 {[%emt 0:00:01]} Re7 {[%emt 0:00:00]} 30. Kf3 {[%emt 0:00:05]} Re3+ {[%emt 0:00:01]} 31. Kg2 {[%emt 0:00:01]} Re7 {[%emt 0:00:00]} 32. Rd2 {[%emt 0:00:01]} Kf7 {[%emt 0:00:01]} 33. c3 {[%emt 0:00:02]} dxc3 {[%emt 0:00:01]} 34. Rc2 {[%emt 0:00:00]} Re3 {[%emt 0:00:02]} 35. Rxc3 {[%emt 0:00:01]} Ke6 {[%emt 0:00:01]} 36. Rxc5 {[%emt 0:00:01]} Rxd3 {[%emt 0:00:00]} 37. Rxa5 {[%emt 0:00:00]} Rxb3 {[%emt 0:00:01]} 38. Ra6+ {[%emt 0:00:00]} Kf5 {[%emt 0:00:01]} 39. Ra7 {[%emt 0:00:02]} Kg4 {[%emt 0:00:00]} 40. Rxh7 {[%emt 0:00:01]} Ra3 {[%emt 0:00:02]} 41. Ra7 {[%emt 0:00:03]} Ra2+ {[%emt 0:00:01]} 42. Kf1 {[%emt 0:00:01]} Ra3 {[%emt 0:00:00]} 43. a5 {[%emt 0:00:02]} Ra2 {[%emt 0:00:01]} 44. a6 {[%emt 0:00:01]} Kxh4 {[%emt 0:00:01]} 45. Ra8 {[%emt 0:00:01]} Kxg5 {[%emt 0:00:01]} 46. a7 {[%emt 0:00:00]} Ra1+ {[%emt 0:00:00]} 47. Ke2 {[%emt 0:00:01]} Ra2+ {[%emt 0:00:00]} 48. Kd1 {[%emt 0:00:00]} Ra1+ {[%emt 0:00:00]} 49. Kc2 {[%emt 0:00:01]} Ra6 {[%emt 0:00:00]} 50. Kb3 {[%emt 0:00:00]} Ra1 {[%emt 0:00:01]} 51. Kb4 {[%emt 0:00:00]} Rb1+ {[%emt 0:00:01]} 52. Kc5 {[%emt 0:00:00]} Ra1 {[%emt 0:00:00]} 53. Kd5 {[%emt 0:00:00]} Rd1+ {[%emt 0:00:01]} 54. Ke6 {[%emt 0:00:00]} Ra1 {[%emt 0:00:00]} 55. Kf7 {[%emt 0:00:00]} Ra6 {[%emt 0:00:01]} 56. Ke7 {[%emt 0:00:03]} Ra1 {[%emt 0:00:01]} 57. Kd7 {[%emt 0:00:00]} Rd1+ {[%emt 0:00:01]} 58. Kc7 {[%emt 0:00:00]} Rc1+ {[%emt 0:00:00]} 59. Kb6 {[%emt 0:00:00]} Rb1+ {[%emt 0:00:00]} 60. Kc5 {[%emt 0:00:00]} Ra1 {[%emt 0:00:01]} 61. Kb4 {[%emt 0:00:00]} Ra6 {[%emt 0:00:01]} 62. Kb5 {[%emt 0:00:01]} Ra1 {[%emt 0:00:00]} 63. Kb6 {[%emt 0:00:00]} Rb1+ {[%emt 0:00:00]} 64. Kc7 {[%emt 0:00:00]} Rc1+ {[%emt 0:00:00]} 65. Kd8 {[%emt 0:00:00]} Rd1+ {[%emt 0:00:00]} 66. Ke7 {[%emt 0:00:00]} Re1+ {[%emt 0:00:00]} 67. Kf8 {[%emt 0:00:00]} Ra1 {[%emt 0:00:00]} 68. Kg8 {[%emt 0:00:00]} Ra6 {[%emt 0:00:00]} 69. Kg7 {[%emt 0:00:00]} Ra4 {[%emt 0:00:00]} 70. Rf8 {[%emt 0:00:00]} Rxa7+ {[%emt 0:00:01]} 71. Rf7 {[%emt 0:00:00]} Ra5 {[%emt 0:00:00] Time (Lag: Av=0.36s, max=0.9s)} 0-1

[Event "Stay Safe Play From Home 329"]
[Site "Mustafa Kemal Atatürk"]
[Date "2020.07.24"]
[Round "7"]
[White "Haxhi Baha"]
[Black "Lazieri3"]
[Result "0-1"]
[WhiteElo "2092"]
[BlackElo "2038"]
[PlyCount "134"]
[EventDate "2020.07.24"]
[EventType "swiss (blitz)"]

1. e4 {[%emt 0:00:01]} c6 {[%emt 0:00:00]} 2. d4 {[%emt 0:00:01]} d5 {[%emt 0:00:00]} 3. exd5 {[%emt 0:00:00]} cxd5 {[%emt 0:00:00]} 4. Nf3 {[%emt 0:00:00]} Nc6 {[%emt 0:00:00]} 5. Bd3 {[%emt 0:00:01]} Nf6 {[%emt 0:00:00]} 6. c3 {[%emt 0:00:00]} Bg4 {[%emt 0:00:00]} 7. h3 {[%emt 0:00:01]} Bh5 {[%emt 0:00:01]} 8. g4 {[%emt 0:00:01]} Bg6 {[%emt 0:00:00]} 9. Qe2 {[%emt 0:00:00]} Bxd3 {[%emt 0:00:01]} 10. Qxd3 {[%emt 0:00:00]} e6 {[%emt 0:00:00]} 11. Bf4 {[%emt 0:00:01]} h6 {[%emt 0:00:01]} 12. Nbd2 {[%emt 0:00:01]} Bd6 {[%emt 0:00:00]} 13. Ne5 {[%emt 0:00:01]} O-O {[%emt 0:00:02]} 14. O-O-O {[%emt 0:00:02]} Bxe5 {[%emt 0:00:01]} 15. Bxe5 {[%emt 0:00:01]} Nxe5 {[%emt 0:00:01]} 16. dxe5 {[%emt 0:00:00]} Nd7 {[%emt 0:00:02]} 17. f4 {[%emt 0:00:01]} f6 {[%emt 0:00:01]} 18. exf6 {[%emt 0:00:02]} Qxf6 {[%emt 0:00:01]} 19. f5 {[%emt 0:00:00]} exf5 {[%emt 0:00:02]} 20. Qxd5+ {[%emt 0:00:01]} Qf7 {[%emt 0:00:01]} 21. Qxf7+ {[%emt 0:00:04]} Rxf7 {[%emt 0:00:00]} 22. gxf5 {[%emt 0:00:00]} Rxf5 {[%emt 0:00:01]} 23. Ne4 {[%emt 0:00:00]} Nc5 {[%emt 0:00:02]} 24. Ng3 {[%emt 0:00:02]} Rf2 {[%emt 0:00:02]} 25. Rd5 {[%emt 0:00:03]} b6 {[%emt 0:00:02]} 26. Re1 {[%emt 0:00:01]} Rg2 {[%emt 0:00:02]} 27. Nf5 {[%emt 0:00:02]} Rf8 {[%emt 0:00:02]} 28. b4 {[%emt 0:00:02]} Rxf5 {[%emt 0:00:04]} 29. Rxf5 {[%emt 0:00:04]} Nd3+ {[%emt 0:00:01]} 30. Kd1 {[%emt 0:00:01]} Nb2+ {[%emt 0:00:01]} 31. Kc1 {[%emt 0:00:01]} Nd3+ {[%emt 0:00:00]} 32. Kd1 {[%emt 0:00:00]} Nxe1 {[%emt 0:00:01]} 33. Kxe1 {[%emt 0:00:01]} Rxa2 {[%emt 0:00:00]} 34. Rd5 {[%emt 0:00:01]} Kh7 {[%emt 0:00:01]} 35. Rd7 {[%emt 0:00:01]} h5 {[%emt 0:00:00]} 36. Kd1 {[%emt 0:00:02]} Kh6 {[%emt 0:00:01]} 37. c4 {[%emt 0:00:00]} a5 {[%emt 0:00:02]} 38. bxa5 {[%emt 0:00:02]} bxa5 {[%emt 0:00:02]} 39. c5 {[%emt 0:00:01]} Ra3 {[%emt 0:00:02]} 40. Kd2 {[%emt 0:00:01]} Rxh3 {[%emt 0:00:01]} 41. c6 {[%emt 0:00:01]} Rh4 {[%emt 0:00:01]} 42. Kd3 {[%emt 0:00:03]} Rh1 {[%emt 0:00:01]} 43. Rd4 {[%emt 0:00:02]} Rd1+ {[%emt 0:00:04]} 44. Ke4 {[%emt 0:00:03]} Re1+ {[%emt 0:00:04]} 45. Kd5 {[%emt 0:00:00]} Re8 {[%emt 0:00:00]} 46. c7 {[%emt 0:00:00]} Rc8 {[%emt 0:00:01]} 47. Kc6 {[%emt 0:00:01]} a4 {[%emt 0:00:02]} 48. Kb7 {[%emt 0:00:01]} Rxc7+ {[%emt 0:00:01]} 49. Kxc7 {[%emt 0:00:00]} Kg5 {[%emt 0:00:00]} 50. Rxa4 {[%emt 0:00:01]} h4 {[%emt 0:00:00]} 51. Kd6 {[%emt 0:00:00]} h3 {[%emt 0:00:01]} 52. Ke5 {[%emt 0:00:00]} h2 {[%emt 0:00:01]} 53. Ra1 {[%emt 0:00:01]} Kg4 {[%emt 0:00:00]} 54. Rh1 {[%emt 0:00:02]} Kg3 {[%emt 0:00:01]} 55. Rxh2 {[%emt 0:00:00]} Kxh2 {[%emt 0:00:01]} 56. Kf5 {[%emt 0:00:00]} g5 {[%emt 0:00:01]} 57. Kg6 {[%emt 0:00:00]} g4 {[%emt 0:00:00]} 58. Kg5 {[%emt 0:00:00]} g3 {[%emt 0:00:00]} 59. Kh4 {[%emt 0:00:00]} g2 {[%emt 0:00:00]} 60. Kh5 {[%emt 0:00:00]} g1=Q {[%emt 0:00:00]} 61. Kh6 {[%emt 0:00:00]} Qg3 {[%emt 0:00:00]} 62. Kh7 {[%emt 0:00:00]} Kg2 {[%emt 0:00:00]} 63. Kh6 {[%emt 0:00:00]} Kf3 {[%emt 0:00:00]} 64. Kh7 {[%emt 0:00:00]} Kf4 {[%emt 0:00:00]} 65. Kh8 {[%emt 0:00:00]} Kf5 {[%emt 0:00:00]} 66. Kh7 {[%emt 0:00:00]} Kf6 {[%emt 0:00:00]} 67. Kh8 {[%emt 0:00:00]} Qg7# {[%emt 0:00:00] (Lag: Av=0.88s, max=1.4s)} 0-1

[Event "Stay Safe Play From Home 329"]
[Site "Mustafa Kemal Atatürk"]
[Date "2020.07.24"]
[Round "7"]
[White "NeatFox"]
[Black "Padmaesh M K"]
[Result "1-0"]
[WhiteElo "1837"]
[BlackElo "1745"]
[Annotator "NA"]
[PlyCount "83"]
[EventDate "2020.07.24"]
[EventType "swiss (blitz)"]

1. g4 {[%emt 0:00:03]} d5 {[%emt 0:00:03]} 2. Bg2 {[%emt 0:00:00]} Bxg4 {[%emt 0:00:02]} 3. c4 {[%emt 0:00:00]} c6 {[%emt 0:00:02]} 4. cxd5 {[%emt 0:00:01]} cxd5 {[%emt 0:00:00]} 5. Qb3 {[%emt 0:00:00]} Qb6 {[%emt 0:00:04]} 6. Bxd5 {[%emt 0:00:01]} Nc6 {[%emt 0:00:02]} 7. Bxf7+ {[%emt 0:00:01]} Kd8 {[%emt 0:00:01]} 8. Bxg8 {[%emt 0:00:00]} Nd4 {[%emt 0:00:04]} 9. Qd5+ {[%emt 0:00:01]} Qd6 {[%emt 0:00:01]} 10. Qxd6+ {[%emt 0:00:01]} exd6 {[%emt 0:00:00]} 11. Bb3 {[%emt 0:00:02]} Be6 {[%emt 0:00:01]} 12. Bxe6 {[%emt 0:00:02]} Nc2+ {[%emt 0:00:02]} 13. Kd1 {[%emt 0:00:00]} Nxa1 {[%emt 0:00:00]} 14. b3 {[%emt 0:00:01]} Ke7 {[%emt 0:00:01]} 15. Bc4 {[%emt 0:00:01]} Rc8 {[%emt 0:00:01]} 16. Bb2 {[%emt 0:00:02]} Nc2 {[%emt 0:00:02]} 17. Kxc2 {[%emt 0:00:02]} d5 {[%emt 0:00:01]} 18. d3 {[%emt 0:00:01]} dxc4 {[%emt 0:00:01]} 19. dxc4 {[%emt 0:00:00]} Kf7 {[%emt 0:00:01]} 20. Nf3 {[%emt 0:00:00]} Bd6 {[%emt 0:00:02]} 21. Ne5+ {[%emt 0:00:02]} Bxe5 {[%emt 0:00:02]} 22. Bxe5 {[%emt 0:00:00]} Rhe8 {[%emt 0:00:01]} 23. f4 {[%emt 0:00:00]} Re6 {[%emt 0:00:02]} 24. Rg1 {[%emt 0:00:01]} b5 {[%emt 0:00:01]} 25. Rxg7+ {[%emt 0:00:01]} Kf8 {[%emt 0:00:01]} 26. Rxa7 {[%emt 0:00:00]} bxc4 {[%emt 0:00:01]} 27. bxc4 {[%emt 0:00:01]} Rxc4+ {[%emt 0:00:00]} 28. Nc3 {[%emt 0:00:00]} Rec6 {[%emt 0:00:02]} 29. Kd3 {[%emt 0:00:00]} Rc8 {[%emt 0:00:05]} 30. Nd5 {[%emt 0:00:02]} R4c6 {[%emt 0:00:03]} 31. Ne7 {[%emt 0:00:01]} Rd8+ {[%emt 0:00:02]} 32. Ke4 {[%emt 0:00:02]} Re6 {[%emt 0:00:01]} 33. Nc6 {[%emt 0:00:02]} Rxc6 {[%emt 0:00:01]} 34. Kf5 {[%emt 0:00:01]} Rc4 {[%emt 0:00:00]} 35. e4 {[%emt 0:00:01]} Rc6 {[%emt 0:00:00]} 36. Bf6 {[%emt 0:00:02]} Rd7 {[%emt 0:00:01]} 37. Ra8+ {[%emt 0:00:01]} Rd8 {[%emt 0:00:01]} 38. Rxd8+ {[%emt 0:00:02]} Kf7 {[%emt 0:00:00]} 39. Rd7+ {[%emt 0:00:01]} Ke8 {[%emt 0:00:01]} 40. Rxh7 {[%emt 0:00:01]} Rc5+ {[%emt 0:00:01]} 41. e5 {[%emt 0:00:00]} Rc6 {[%emt 0:00:01]} 42. Kg6 {[%emt 0:00:01] Time (Lag: Av=0.44s, max=0.9s)} 1-0

[Event "Stay Safe Play From Home 329"]
[Site "Mustafa Kemal Atatürk"]
[Date "2020.07.24"]
[Round "7"]
[White "Edmatuag"]
[Black "Mamba2001de"]
[Result "1-0"]
[WhiteElo "1631"]
[BlackElo "1485"]
[Annotator "NA"]
[PlyCount "71"]
[EventDate "2020.07.24"]
[EventType "swiss (blitz)"]

1. e4 {[%emt 0:00:01]} e6 {[%emt 0:00:01]} 2. Nf3 {[%emt 0:00:01]} d5 {[%emt 0:00:01]} 3. d3 {[%emt 0:00:00]} d4 {[%emt 0:00:01]} 4. b3 {[%emt 0:00:02]} c5 {[%emt 0:00:01]} 5. c4 {[%emt 0:00:00]} Nc6 {[%emt 0:00:01]} 6. Ba3 {[%emt 0:00:01]} e5 {[%emt 0:00:02]} 7. Qd2 {[%emt 0:00:01]} Nf6 {[%emt 0:00:01]} 8. b4 {[%emt 0:00:01]} cxb4 {[%emt 0:00:03]} 9. Bb2 {[%emt 0:00:01]} a5 {[%emt 0:00:02]} 10. Be2 {[%emt 0:00:01]} b6 {[%emt 0:00:02]} 11. Qg5 {[%emt 0:00:01]} Bb7 {[%emt 0:00:02]} 12. Nxe5 {[%emt 0:00:01]} Nxe5 {[%emt 0:00:03]} 13. Qxe5+ {[%emt 0:00:01]} Qe7 {[%emt 0:00:01]} 14. Qxd4 {[%emt 0:00:02]} Qc5 {[%emt 0:00:03]} 15. Qe5+ {[%emt 0:00:02]} Qxe5 {[%emt 0:00:02]} 16. Bxe5 {[%emt 0:00:00]} Nd7 {[%emt 0:00:03]} 17. Bb2 {[%emt 0:00:01]} f6 {[%emt 0:00:01]} 18. Nd2 {[%emt 0:00:01]} Bc5 {[%emt 0:00:01]} 19. O-O {[%emt 0:00:02]} Rd8 {[%emt 0:00:03]} 20. d4 {[%emt 0:00:01]} Be7 {[%emt 0:00:02]} 21. d5 {[%emt 0:00:01]} O-O {[%emt 0:00:02]} 22. Nf3 {[%emt 0:00:01]} Nc5 {[%emt 0:00:01]} 23. Nd2 {[%emt 0:00:04]} Na4 {[%emt 0:00:02]} 24. Bd4 {[%emt 0:00:03]} Bc5 {[%emt 0:00:04]} 25. Bxc5 {[%emt 0:00:01]} bxc5 {[%emt 0:00:01]} 26. Bf3 {[%emt 0:00:01]} Nc3 {[%emt 0:00:01]} 27. Nb3 {[%emt 0:00:02]} Rc8 {[%emt 0:00:03]} 28. Rfe1 {[%emt 0:00:03]} Ba6 {[%emt 0:00:02]} 29. Nxa5 {[%emt 0:00:04]} Bb5 {[%emt 0:00:01]} 30. cxb5 {[%emt 0:00:03]} Nxb5 {[%emt 0:00:02]} 31. Nc6 {[%emt 0:00:01]} Rfe8 {[%emt 0:00:04]} 32. Rac1 {[%emt 0:00:02]} Nc3 {[%emt 0:00:01]} 33. Rxc3 {[%emt 0:00:01]} bxc3 {[%emt 0:00:01]} 34. Rc1 {[%emt 0:00:01]} Rxc6 {[%emt 0:00:01]} 35. dxc6 {[%emt 0:00:02]} Rb8 {[%emt 0:00:02]} 36. h3 {[%emt 0:00:00] Zeit (Lag: Av=0.44s, max=0.8s)} 1-0

[Event "Stay Safe Play From Home 329"]
[Site "Mustafa Kemal Atatürk"]
[Date "2020.07.24"]
[Round "7"]
[White "New ton"]
[Black "Schachwerk_64"]
[Result "0-1"]
[WhiteElo "1445"]
[BlackElo "1866"]
[Annotator "NA"]
[PlyCount "76"]
[EventDate "2020.07.24"]
[EventType "swiss (blitz)"]

1. e4 {[%emt 0:00:01]} Nc6 {[%emt 0:00:00]} 2. Nf3 {[%emt 0:00:01]} e5 {[%emt 0:00:00]} 3. d4 {[%emt 0:00:01]} exd4 {[%emt 0:00:01]} 4. Nxd4 {[%emt 0:00:01]} Bc5 {[%emt 0:00:01]} 5. Nxc6 {[%emt 0:00:01]} bxc6 {[%emt 0:00:01]} 6. Bc4 {[%emt 0:00:02]} Qf6 {[%emt 0:00:01]} 7. f3 {[%emt 0:00:03]} Ne7 {[%emt 0:00:01]} 8. h4 {[%emt 0:00:02]} O-O {[%emt 0:00:01]} 9. Bg5 {[%emt 0:00:01]} Qg6 {[%emt 0:00:04]} 10. Nc3 {[%emt 0:00:01]} d5 {[%emt 0:00:02]} 11. exd5 {[%emt 0:00:03]} cxd5 {[%emt 0:00:01]} 12. Qe2 {[%emt 0:00:02]} dxc4 {[%emt 0:00:02]} 13. Qxc4 {[%emt 0:00:02]} Bd6 {[%emt 0:00:06]} 14. O-O-O {[%emt 0:00:02]} a5 {[%emt 0:00:03]} 15. Ne4 {[%emt 0:00:01]} Be6 {[%emt 0:00:01]} 16. Qe2 {[%emt 0:00:04]} Be5 {[%emt 0:00:02]} 17. Qf2 {[%emt 0:00:02]} Nf5 {[%emt 0:00:03]} 18. c3 {[%emt 0:00:01]} f6 {[%emt 0:00:06]} 19. Bf4 {[%emt 0:00:02]} Bxf4+ {[%emt 0:00:02]} 20. Kb1 {[%emt 0:00:02]} Bxa2+ {[%emt 0:00:01]} 21. Kxa2 {[%emt 0:00:02]} a4 {[%emt 0:00:00]} 22. g4 {[%emt 0:00:03]} Nd6 {[%emt 0:00:02]} 23. Nxd6 {[%emt 0:00:02]} cxd6 {[%emt 0:00:00]} 24. Rxd6 {[%emt 0:00:02]} a3 {[%emt 0:00:01]} 25. Rb6 {[%emt 0:00:04]} axb2+ {[%emt 0:00:01]} 26. Kxb2 {[%emt 0:00:01]} Rfb8 {[%emt 0:00:02]} 27. Qd4 {[%emt 0:00:02]} Be5 {[%emt 0:00:05]} 28. Qxe5 {[%emt 0:00:02]} fxe5 {[%emt 0:00:02]} 29. Rxb8+ {[%emt 0:00:00]} Rxb8+ {[%emt 0:00:01]} 30. Kc1 {[%emt 0:00:03]} Qb1+ {[%emt 0:00:02]} 31. Kd2 {[%emt 0:00:01]} Rb2+ {[%emt 0:00:00]} 32. Ke3 {[%emt 0:00:00]} Qxh1 {[%emt 0:00:01]} 33. Ke4 {[%emt 0:00:00]} Qe1+ {[%emt 0:00:01]} 34. Kf5 {[%emt 0:00:00]} Rb6 {[%emt 0:00:01]} 35. Kg5 {[%emt 0:00:00]} h6+ {[%emt 0:00:01]} 36. Kh5 {[%emt 0:00:00]} Qe3 {[%emt 0:00:01]} 37. g5 {[%emt 0:00:02]} hxg5 {[%emt 0:00:01] '} 38. Kg4 {[%emt 0:00:02]} Rh6 {[%emt 0:00:00] TimeW} 0-1

[Event "Stay Safe Play From Home 329"]
[Site "Mustafa Kemal Atatürk"]
[Date "2020.07.24"]
[Round "7"]
[White "Klasman"]
[Black "Trotsky"]
[Result "0-1"]
[WhiteElo "1305"]
[BlackElo "1606"]
[Annotator "NA"]
[PlyCount "46"]
[EventDate "2020.07.24"]
[EventType "swiss (blitz)"]

1. f4 {[%emt 0:00:03]} d5 {[%emt 0:00:01]} 2. c4 {[%emt 0:00:02]} e6 {[%emt 0:00:00]} 3. d4 {[%emt 0:00:01]} c5 {[%emt 0:00:01]} 4. e3 {[%emt 0:00:02]} Nc6 {[%emt 0:00:01]} 5. Nf3 {[%emt 0:00:02]} Nf6 {[%emt 0:00:01]} 6. cxd5 {[%emt 0:00:01]} exd5 {[%emt 0:00:01]} 7. Bb5 {[%emt 0:00:01]} Qc7 {[%emt 0:00:01]} 8. Ne5 {[%emt 0:00:06]} Be6 {[%emt 0:00:02]} 9. Nc3 {[%emt 0:00:03]} c4 {[%emt 0:00:01]} 10. Qa4 {[%emt 0:00:03]} Bd6 {[%emt 0:00:03]} 11. Nxc6 {[%emt 0:00:02]} O-O {[%emt 0:00:03]} 12. Ne5 {[%emt 0:00:07]} a6 {[%emt 0:00:02]} 13. Bxc4 {[%emt 0:00:06]} b5 {[%emt 0:00:01]} 14. Bxb5 {[%emt 0:00:02]} axb5 {[%emt 0:00:01]} 15. Qxb5 {[%emt 0:00:01]} Ng4 {[%emt 0:00:04]} 16. Nxg4 {[%emt 0:00:02]} Bxg4 {[%emt 0:00:02]} 17. Qxd5 {[%emt 0:00:03]} Rad8 {[%emt 0:00:02]} 18. Qg5 {[%emt 0:00:03]} f5 {[%emt 0:00:03]} 19. h3 {[%emt 0:00:01]} Bxf4 {[%emt 0:00:06]} 20. Qxf4 {[%emt 0:00:05]} Qxf4 {[%emt 0:00:02]} 21. exf4 {[%emt 0:00:01]} Bh5 {[%emt 0:00:01]} 22. O-O {[%emt 0:00:02]} Rxd4 {[%emt 0:00:01]} 23. Be3 {[%emt 0:00:01]} Re4 {[%emt 0:00:01] Time (Lag: Av=0.34s, max=0.7s) .} 0-1

[Event "Stay Safe Play From Home 329"]
[Site "Mustafa Kemal Atatürk"]
[Date "2020.07.24"]
[Round "7"]
[White "W Nelles"]
[Black "SelamiSahin"]
[Result "0-1"]
[WhiteElo "1240"]
[BlackElo "2114"]
[Annotator "TA"]
[PlyCount "62"]
[EventDate "2020.07.24"]
[EventType "swiss (blitz)"]

{[%evp 9,62,-20,-15,-25,-19,-22,-22,-69,-81,-81,-64,-64,-56,-54,-54,-58,-61,-60,-56,-107,-110,-116,-105,-124,-126,-129,-125,-122,-120,-107,-107,-123,-119,-221,-197,-231,-186,-158,-156,-182,-88,-203,-216,-483,-122,-200,-202,-202,-192,-174,-123,-220,-245,-218,-198]} 1. e4 c6 2. Nf3 d5 3. exd5 cxd5 4. Nc3 Bg4 5. Be2 Nc6 6. d3 {B11: Caro-Kann: Two Knights Variation.} e6 7. h3 Bh5 {[#]} 8. g4 $146 {The position is equal.} ({Predecessor:} 8. Bf4 Bd6 9. Qd2 Nf6 10. O-O O-O 11. d4 Bxf4 12. Qxf4 Bxf3 13. Bxf3 Qb6 14. Ne2 Qxb2 {0-1 (34) Grignard,G (1700)-Piankov,E (2370) Guingamp 2003}) 8... Bg6 9. Bf4 Bb4 10. a3 Ba5 11. b4 Bc7 12. Bxc7 Qxc7 13. Nb5 Qd7 14. d4 (14. c4 $15) 14... a6 $17 15. Nc3 Nf6 16. b5 axb5 17. Bxb5 O-O 18. Ne5 Qc7 19. Bxc6 bxc6 {[%cal Bb7c6,Bc6c5][%mdl 32]} 20. O-O c5 21. Nf3 (21. a4 $17) 21... cxd4 22. Nb5 Qxc2 23. Qxc2 Bxc2 24. Nbxd4 Be4 (24... Ba4 $19 25. Rfc1 Rfb8) 25. Rfe1 (25. Ne5 $17) 25... Ra4 $19 26. Nc6 $2 (26. Red1) 26... h6 $2 (26... Bxf3 $19 {and Black stays clearly on top.} 27. Ne5 Be4) 27. Ne7+ {[#]} (27. Nfe5 $17) 27... Kh7 $1 28. Ne5 Re8 29. N7c6 {[#]} d4 ({Black should play} 29... Rc8 $1 $19 30. Rec1 d4) 30. f3 (30. Nb4 $17) 30... Bxc6 $1 31. Nxc6 Rc8 {Accuracy: White = 48%, Black = 71%.} 0-1